| 000 | 01789cam a22004094a 4500 | ||
|---|---|---|---|
| 999 |
_c28997 _d28968 |
||
| 001 | 14273458 | ||
| 003 | EG-ScBUE | ||
| 005 | 20201026103625.0 | ||
| 008 | 060222t2006 njua f bd 000 0 eng d | ||
| 020 | _a0471782637 | ||
| 020 | _a9780471782636 | ||
| 035 | _a(OCoLC)ocm64442941 | ||
| 035 | _a(OCoLC)64442941 | ||
| 040 |
_aDLC _beng _erda _cDLC _dBAKER _dUKM _dC#P _dYDXCP _dOCLCQ _dBTCTA _dDLC _dEG-ScBUE |
||
| 082 | 0 | 4 |
_a005.8003 _bMIN _222 |
| 100 | 1 |
_aMinoli, Daniel, _d1952- _eauthor. _923405 |
|
| 245 | 1 | 0 |
_aMinoli-Cordovana's authoritative computer & network security dictionary / _cby Daniel Minoli, James Cordovana. |
| 246 | 3 | _aMinoli-Cordovana's authoritative computer and network security dictionary | |
| 246 | 3 | 0 | _aAuthoritative computer & network security dictionary |
| 264 | 1 |
_aHoboken, New Jersey : _bJohn Wiley & Sons, Inc., _c[2006] |
|
| 264 | 4 | _cc2006 | |
| 300 |
_axii, 443 pages : _billustrations ; _c26 cm |
||
| 336 |
_2rdacontent _atext _btxt |
||
| 337 |
_2rdamedia _aunmediated _bn |
||
| 338 |
_2rdacarrier _avolume _bnc |
||
| 504 | _aIncludes bibliographical references. | ||
| 650 | 7 |
_aComputer security _vDictionaries. _2BUEsh |
|
| 650 | 7 |
_aComputer networks _xSecurity measures _vDictionaries. _2BUEsh |
|
| 653 |
_bMASIICCSS _cOctober2020 |
||
| 655 |
_vReading book _934232 |
||
| 700 | 1 |
_aCordovana, James, _d1973- _eauthor. |
|
| 856 | 4 | 2 |
_3Contributor biographical information _uhttp://www.loc.gov/catdir/enhancements/fy0741/2006041021-b.html |
| 856 | 4 | 2 |
_3Publisher description _uhttp://www.loc.gov/catdir/enhancements/fy0741/2006041021-d.html |
| 906 |
_a7 _bcbc _corignew _d1 _eocip _f20 _gy-gencatlg |
||
| 942 |
_2ddc _cBB |
||